Champions olympiques français par images - Statistiques

Statistiques générales
  • Ce quiz a été pris 1 054 fois
  • Le résultat moyen est 8 sur 12
Statistiques - réponses
Par images Hint Réponse % Correct
Judo Teddy Riner
100%
Natation Laure Manaudou
98%
Handball Nikola Karabatic
90%
Athlétisme Marie-José Pérec
82%
Judo David Douillet
81%
Canoë-kayak Tony Estanguet
81%
Handball Thierry Omeyer
64%
Natation Alain Bernard
63%
Judo Clarisse Agbegnenou
53%
Cyclisme Jeannie Longo
51%
Boxe Estelle Mossely
41%
Tennis Suzanne Lenglen
41%
Aucun quiz correspondant
Distribution des résultats
% des personnes avec chaque résultat
Percentile par nombre de réponses
Votre historique - résultats
Vous n’avez pas pris ce quiz